000 00854cab a2200265 4500
001 ABS54163
008 090401t1995 xxu||||| |||| 00| 0 eng d
035 _a(Sirsi) u8855
041 _aeng
100 _aWhite, P.
245 _aRenewable schemes set to founder on policy rock
260 _c1995
350 _a0
490 _aPlanning (for the Natural and Built Environment)
_v(1148) 8 December 1995, 20(1)
520 _aWarns that more detailed guidance is needed for renewable energy development plans, if projects are not to be held up by the planning system.
650 _aENERGY POLICY
650 _aLand use
_96251
650 _aNON-FOSSIL FUEL OBLIGATION
650 _aPLANNING POLICY
650 _aPPG22
650 _aRENEWABLE ENERGY
690 _aENVIRONMENTAL AND LAND CONSULTANCY-ENERGY
942 _n0
948 _c04/03/1997
999 _c5484
_d5484